000 00507cam a2200181ua 4500
020 _a81 7023 896 x
041 _aeng
_h
082 _a633.83068
_bPRU/QU
100 _aPruthi, J S .
245 _aQuality assurance in spices and spice products : Modern methods of analysis /
_cJ S Pruthi.
_hTextual Documents
260 _aMumbai :
_bAllied Publishers Pvt Ltd ,
_c1999.
300 _a576 ; .
500 _a**Reference
504 _a
942 _cBK
999 _c10093
_d10093